Environmental Waste Management of Disposable Surgical Coverage
Používanie jednorazových zdravotníckych pomôcok v zdravotníctve je dnes bežnou praxou, ale aj environmentálnym problémom v celosvetovom meradle. Problémom do je logistické modelovanie najlepšej praxe environmentálneho manažmentu v odpadovom hospodárstve.
Enregistré dans:
| Auteur principal: | |
|---|---|
| Autres auteurs: | , , |
| Format: | Chapitre de livre |
| Langue: | anglais |
| Sujets: | |
| Tags: |
Pas de tags, Soyez le premier à ajouter un tag!
|
MARC
| LEADER | 00000naa a2200000 4500 | ||
|---|---|---|---|
| 001 | 0280362 | ||
| 005 | 20250424121432.9 | ||
| 041 | 0 | |a eng | |
| 044 | |a PL | ||
| 245 | 1 | 0 | |a Environmental Waste Management of Disposable Surgical Coverage |c Milan Majerník, Naqibullah Daneshjo, Peter Malega, Zuzana Štofková |
| 520 | |a Používanie jednorazových zdravotníckych pomôcok v zdravotníctve je dnes bežnou praxou, ale aj environmentálnym problémom v celosvetovom meradle. Problémom do je logistické modelovanie najlepšej praxe environmentálneho manažmentu v odpadovom hospodárstve. | ||
| 610 | 2 | 0 | |a hospodárstvo odpadové |
| 610 | 2 | 0 | |a medicína |
| 610 | 2 | 0 | |a ekológia |
| 610 | 2 | 0 | |a pandémia |
| 610 | 2 | 0 | |a pomôcky pracovné |
| 100 | 1 | |a Majerník, Milan, 1952- | |
| 700 | 1 | |a Daneshjo, Naqibullah, 1964- | |
| 700 | 1 | |a Malega, Peter | |
| 700 | 1 | |a Štofková, Zuzana | |